Statistics for Actors who won Oscars for Leading and Supporting Roles

Click here to take the quiz!

General Stats

  • This quiz has been taken 1,078 times
  • The average score is 3 of 6

Answer Stats

HintAnswer% Correct
Jack Nicholson
75%
Robert De Niro
64%
Denzel Washington
50%
Kevin Spacey
35%
Jack Lemmon
29%
Gene Hackman
28%

Score Distribution

Percentile by Number Answered

Percent of People with Each Score

Your Score History

You have not taken this quiz